<?xml version="1.0" encoding="UTF-8"?><?xml-stylesheet type="text/xsl" href="static/style.xsl"?><OAI-PMH xmlns="http://www.openarchives.org/OAI/2.0/" xmlns:xsi="http://www.w3.org/2001/XMLSchema-instance" xsi:schemaLocation="http://www.openarchives.org/OAI/2.0/ http://www.openarchives.org/OAI/2.0/OAI-PMH.xsd"><responseDate>2026-04-17T01:22:36Z</responseDate><request verb="GetRecord" identifier="oai:www.recercat.cat:2117/395600" metadataPrefix="marc">https://recercat.cat/oai/request</request><GetRecord><record><header><identifier>oai:recercat.cat:2117/395600</identifier><datestamp>2026-01-31T00:47:31Z</datestamp><setSpec>com_2072_1033</setSpec><setSpec>col_2072_452949</setSpec></header><metadata><record xmlns="http://www.loc.gov/MARC21/slim" xmlns:dcterms="http://purl.org/dc/terms/" xmlns:xsi="http://www.w3.org/2001/XMLSchema-instance" xmlns:doc="http://www.lyncode.com/xoai" xsi:schemaLocation="http://www.loc.gov/MARC21/slim http://www.loc.gov/standards/marcxml/schema/MARC21slim.xsd">
   <leader>00925njm 22002777a 4500</leader>
   <datafield ind2=" " ind1=" " tag="042">
      <subfield code="a">dc</subfield>
   </datafield>
   <datafield ind2=" " ind1=" " tag="720">
      <subfield code="a">Piperno de Santiago, Adriana</subfield>
      <subfield code="e">author</subfield>
   </datafield>
   <datafield ind2=" " ind1=" " tag="720">
      <subfield code="a">Sierra Abate, Pablo</subfield>
      <subfield code="e">author</subfield>
   </datafield>
   <datafield ind2=" " ind1=" " tag="260">
      <subfield code="c">2022</subfield>
   </datafield>
   <datafield ind2=" " ind1=" " tag="520">
      <subfield code="a">Traditional planning and management strategies have proven to be insufficient to respond to the problems of climate change. A change in the way of acting based on a change in the way of understanding the problems is necessary. Three systems of action are recognized where our discipline can contribute to the construction of transitions: professional practice, academic production and urban governance (institutions, rules, interrelation of actors). In this context, the regulatory normative of urban and building scale of Uruguay is analyzed. To build evidence, a systematic review of national and subnational regulations (390 documents) is carried out, characterizing the state of the situation and the presence of emerging issues as "signs" in the process of transition to a new paradigm. This first systematization builds a baseline that allows evaluating the future development of the normative body.</subfield>
   </datafield>
   <datafield ind2=" " ind1=" " tag="520">
      <subfield code="a">Las estrategias tradicionales de planificación y gestión han demostrado ser insuficientes para responder a las problemáticas del cambio climático.  Es necesario un cambio en la forma de actuar que se sustente en un cambio en la forma de entender los problemas. Se reconocen tres sistemas de actuación donde nuestra disciplina puede aportar a la construcción de las transiciones: la práctica profesional, la producción académica y la gobernanza urbana (instituciones, reglas de juego, interrelación de actores),  En este contexto se analiza el cuerpo normativo de escala urbana y edilicia del Uruguay.  Para construir evidencia se realiza una revisión sistemática de las normas nacionales y subnacionales (390 documentos), caracterizando el estado de situación y la presencia de temáticas emergentes a modo de “señales” en el proceso de transición a un nuevo paradigma.  Esta primera sistematización construye una línea de base que permite evaluar el desarrollo futuro del cuerpo normativo.</subfield>
   </datafield>
   <datafield ind2=" " ind1=" " tag="520">
      <subfield code="a">Peer Reviewed</subfield>
   </datafield>
   <datafield tag="653" ind2=" " ind1=" ">
      <subfield code="a">Àrees temàtiques de la UPC::Urbanisme</subfield>
   </datafield>
   <datafield tag="653" ind2=" " ind1=" ">
      <subfield code="a">Climatic changes</subfield>
   </datafield>
   <datafield tag="653" ind2=" " ind1=" ">
      <subfield code="a">Urban policy -- Uruguay</subfield>
   </datafield>
   <datafield tag="653" ind2=" " ind1=" ">
      <subfield code="a">Adaptación al cambio climático</subfield>
   </datafield>
   <datafield tag="653" ind2=" " ind1=" ">
      <subfield code="a">Gobernanza</subfield>
   </datafield>
   <datafield tag="653" ind2=" " ind1=" ">
      <subfield code="a">Normativa urbana y edilicia</subfield>
   </datafield>
   <datafield tag="653" ind2=" " ind1=" ">
      <subfield code="a">Adaptation to climate change</subfield>
   </datafield>
   <datafield tag="653" ind2=" " ind1=" ">
      <subfield code="a">Governance</subfield>
   </datafield>
   <datafield tag="653" ind2=" " ind1=" ">
      <subfield code="a">Urban and building regulations</subfield>
   </datafield>
   <datafield tag="653" ind2=" " ind1=" ">
      <subfield code="a">Canvis climàtics</subfield>
   </datafield>
   <datafield tag="653" ind2=" " ind1=" ">
      <subfield code="a">Política urbana -- Uruguai</subfield>
   </datafield>
   <datafield ind2="0" ind1="0" tag="245">
      <subfield code="a">Adaptándonos para adaptar: la normativa urbana en la construcción de las transiciones hacia un nuevo paradigma</subfield>
   </datafield>
   <datafield ind2="0" ind1="0" tag="245">
      <subfield code="a">Adapting to adapt: urban regulations in the construction of transitions towards a new paradigm</subfield>
   </datafield>
</record></metadata></record></GetRecord></OAI-PMH>